Cases in leadership / (Record no. 22717)

MARC details
000 -LEADER
fixed length control field 01380nam a22002775a 4500
005 - DATE AND TIME OF LATEST TRANSACTION
control field 20161024130848.0
008 - FIXED-LENGTH DATA ELEMENTS--GENERAL INFORMATION
fixed length control field 161019t2016 caua frb 000 0 eng d
020 ## - INTERNATIONAL STANDARD BOOK NUMBER
International Standard Book Number 9781483383262
040 ## - CATALOGING SOURCE
Original cataloging agency EG-ScBUE
Language of cataloging eng
Transcribing agency EG-ScBUE
Modifying agency EG-ScBUE
082 04 - DEWEY DECIMAL CLASSIFICATION NUMBER
Classification number 658.4092
Item number CAS
Edition number 22
245 00 - TITLE STATEMENT
Title Cases in leadership /
Statement of responsibility, etc [edited by] W. Glenn Rowe, Laura Guerrero.
250 ## - EDITION STATEMENT
Edition statement 4th ed.
260 ## - PUBLICATION, DISTRIBUTION, ETC. (IMPRINT)
Place of publication, distribution, etc Thousand Oaks :
Name of publisher, distributor, etc SAGE Publications,
Date of publication, distribution, etc c.2016.
300 ## - PHYSICAL DESCRIPTION
Extent xi, 472 p. :
Other physical details ill. ;
Dimensions 24 cm.
490 0# - Series Statement
Series statement Lvey casebook series
504 ## - BIBLIOGRAPHY, ETC. NOTE
Bibliography, etc Includes bibliographical references.
505 0# - FORMATTED CONTENTS NOTE
Formatted contents note Preface -- Acknowledgments -- Leadership: what is it? -- Leadership trait approach -- Leadership skills approach -- Leader style approach -- The situational approach to leadership -- The contingency theory of leadership -- The path-goal theory of leadership -- The leader-member exchange theory of leadership -- Transformational leadership -- Servant leadership -- Authentic leadership -- Team leadership -- Strategic leadership -- Women and leadership -- Culture and leadership -- Ethical leadership -- About the editors.
590 ## - LOCAL NOTE (RLIN)
Local note Shima
650 #7 - SUBJECT ADDED ENTRY--TOPICAL TERM
Topical term or geographic name as entry element Leadership
Form subdivision Case studies.
Source of heading or term BUEsh
9 (RLIN) 22635
650 #7 - SUBJECT ADDED ENTRY--TOPICAL TERM
Topical term or geographic name as entry element Management
Form subdivision Case studies.
Source of heading or term BUEsh
651 ## - SUBJECT ADDED ENTRY--GEOGRAPHIC NAME
Source of heading or term BUEsh
653 ## - INDEX TERM--UNCONTROLLED
Resource For college BAEPS, Business Administration
Arrived date list October2016
700 1# - ADDED ENTRY--PERSONAL NAME
Personal name Rowe, W. Glenn,
Relator term editor.
700 1# - ADDED ENTRY--PERSONAL NAME
Personal name Guerrero, Laura,
Relator term editor.
942 ## - ADDED ENTRY ELEMENTS (KOHA)
Source of classification or shelving scheme Dewey Decimal Classification
Holdings
Withdrawn status Item status Source of classification or shelving scheme Damaged status Not for loan Vendor Home library Current library Shelving location Date acquired Source of acquisition Cost, normal purchase price Serial Enumeration / chronology Total Checkouts Full call number Barcode Date last seen Cost, replacement price Koha item type
    Dewey Decimal Classification     Academic Bookshop Central Library Central Library First floor 19/10/2016 Purchase 574.00 9129   658.4092 CAS 000045168 15/07/2025 717.50 Book - Borrowing